00675nam a2200217Ia 4500003000900000008004100009040001300050040001300063041000800076100000900084245005100093250001100144260001900155260000900174300001000183490000600193710003900199942000700238999001700245952019500262IT-RoPAU120407s9999 xx 000 0 und d aIT-RoPAU cIT-RoPAU aita d1974 aTommaso d’Aquino nel suo settimo centenario. aNapoli aEd. Domenicane c1975 c24 cm v2 aCongresso Internaz. Tomista. Atti. cBK c18416d18416 00102ddc406276_54000000000000071aPAULUSbPAULUSd2012-04-11l0o276.54r2012-04-11 00:00:00w2012-04-11yBKzInserito da: Anna In data: 14 luglio 2011 fondo: Via A.Severo 56 Progr:35369